Estudio cualitativo de desarrollo de la generación distribuida renovable en Nicaragua, en el periodo 2014-2017, marco de ley, ventajas y desventajas

Presenta un estudio de desarrollo de generación distribuida renovable en Nicaragua, utilizando las técnicas cualitativas de investigación, asi como analizar las políticas de incentivos de la ley de generación de energía renovable como generación distribuida.

Bibliographic Details
Main Authors: Barcenas Lozano, Jonathan Eleazar, Berrios Amador, Norlan Rodolfo
Other Authors: Tutor: Pérez Méndez, Carlos Abraham
Format: Tesis Section = Libro
Language:Undetermined
Spanish
Published: Managua UNI 2019
Subjects:
LEADER 01171nam a2200265Ia 4500
008 240830s9999 xx 000 0 und d
040 |a BIBLIOTECA-RUSB/ Mon 621.47 B242 
041 |a spa 
082 |a Mon 621.47 B242 
100 1 |a Barcenas Lozano, Jonathan Eleazar 
100 1 |b Berrios Amador, Norlan Rodolfo 
245 1 0 |a Estudio cualitativo de desarrollo de la generación distribuida renovable en Nicaragua, en el periodo 2014-2017, marco de ley, ventajas y desventajas 
260 |a Managua  |b UNI  |c 2019 
300 |a 46 p. :il 
500 |a Contiene: anexos y CD. 
502 |a Tesis (Ingeniero Eléctrico) - UNI, 2019. 
520 3 |a Presenta un estudio de desarrollo de generación distribuida renovable en Nicaragua, utilizando las técnicas cualitativas de investigación, asi como analizar las políticas de incentivos de la ley de generación de energía renovable como generación distribuida. 
650 7 |a ENERGIAS RENOVABLES 
650 7 |b  GENERACION DISTRIBUIDA 
650 7 |c  RED DE DISTRIBUCION 
650 7 |d  ELECTRICIDAD- NICARAGUA 
700 1 |a Tutor:  |b Pérez Méndez, Carlos Abraham 
942 |c BK  |2 ddc 
991 |a TESIS 
999 |c 20340